Peer Pressure/ (Record no. 7142)

MARC details
000 -LEADER
fixed length control field 00729nam a2200241Ia 4500
003 - CONTROL NUMBER IDENTIFIER
control field GBCCL
005 - DATE AND TIME OF LATEST TRANSACTION
control field 20241126110620.0
008 - FIXED-LENGTH DATA ELEMENTS--GENERAL INFORMATION
fixed length control field 180711b ||||| |||| 00| 0 eng d
020 ## - INTERNATIONAL STANDARD BOOK NUMBER
International Standard Book Number 0830725490
040 ## - CATALOGING SOURCE
Transcribing agency GBC
082 ## - DEWEY DECIMAL CLASSIFICATION NUMBER
Classification number 268.432
Item number PUL
100 ## - MAIN ENTRY--PERSONAL NAME
Personal name Johnson, Mile and Lesley Johnson
9 (RLIN) 12628
245 ## - TITLE STATEMENT
Title Peer Pressure/
Remainder of title Mike Johnson and Lesley Johnson
260 ## - PUBLICATION, DISTRIBUTION, ETC.
Place of publication, distribution, etc. USA:
Name of publisher, distributor, etc. Gospel Light,
Date of publication, distribution, etc. 2001.
300 ## - PHYSICAL DESCRIPTION
Extent 96 p.;
Other physical details ill.,
Dimensions 28 cm.
440 ## - SERIES STATEMENT/ADDED ENTRY--TITLE
Title Pulse
Volume/sequential designation 13
9 (RLIN) 11293
490 ## - SERIES STATEMENT
Series statement God's Word for a Jr. High World
490 ## - SERIES STATEMENT
Series statement Discipleship Track
650 ## - SUBJECT ADDED ENTRY--TOPICAL TERM
Topical term or geographic name entry element Christian education of teenagers
9 (RLIN) 10659
650 ## - SUBJECT ADDED ENTRY--TOPICAL TERM
Topical term or geographic name entry element Christian education
General subdivision Curricula
9 (RLIN) 5974
650 ## - SUBJECT ADDED ENTRY--TOPICAL TERM
Topical term or geographic name entry element Spiritual life
General subdivision Christianity
9 (RLIN) 549
942 ## - ADDED ENTRY ELEMENTS (KOHA)
Source of classification or shelving scheme Dewey Decimal Classification
Koha item type Books
Holdings
Withdrawn status Lost status Source of classification or shelving scheme Damaged status Not for loan Home library Current Library Shelving location Date acquired Total checkouts Full call number Barcode Date last seen Copy number Price effective from Koha item type
    Dewey Decimal Classification     GRACE BIBLE COLLEGE GRACE BIBLE COLLEGE Ministry & Mission 2018-07-11   268.432 PUL 012972 2025-05-01 v.13 c.1 2018-07-11 Books
    Dewey Decimal Classification     GRACE BIBLE COLLEGE GRACE BIBLE COLLEGE Ministry & Mission 2018-07-11   268.432 PUL 012973 2025-05-01 v.13 c.2 2018-07-11 Books
© Grace Bible College Library 2025